[Event "Berlin Lichtenrade op 15th"]
[Site "Berlin"]
[Date "2019.10.20"]
[Round "9"]
[White "Fenske, Nils"]
[Black "Grassi, Fabrizio"]
[Result "1/2-1/2"]
[WhiteElo "1821"]
[BlackElo "1863"]
[PlyCount "84"]
[EventDate "2019.10.12"]
[EventType "swiss"]
[EventRounds "9"]
[EventCountry "GER"]
[SourceTitle "CBM 195 Extra"]
[Source "ChessBase"]
[SourceDate "2020.05.31"]
[SourceVersion "1"]
[SourceVersionDate "2020.05.31"]
[SourceQuality "1"]

1. d4 d5 2. Nf3 Nf6 3. e3 Bf5 4. Nh4 Bg6 5. Nxg6 hxg6 6. Bd3 e6 7. Nd2 c5 8. c3 Nc6 9. b3 Rc8 10. Bb2 cxd4 11. exd4 Bd6 12. Qe2 Qe7 13. Nf3 e5 14. dxe5 Nxe5 15. Kf1 Nxd3 16. Qxd3 0-0 17. g3 Qe4 18. Rd1 Rfd8 19. Kg2 a6 20. Rhe1 Qxd3 21. Rxd3 b5 22. Red1 Bb8 23. h3 Ba7 24. Ng5 Re8 25. Nf3 Re2 26. R1d2 Rce8 27. Nd4 Rxd2 28. Rxd2 Bxd4 29. cxd4 Rc8 30. f3 b4 31. Re2 Kf8 32. Kf2 Nd7 33. a4 Rc6 34. Ke1 g5 35. Kd1 f6 36. Re3 Kf7 37. Bc1 Nf8 38. Bd2 a5 39. Ke2 Ne6 40. Kd3 Rc8 41. Re2 Rh8 42. Rh2 Ke7 1/2-1/2

[Event "Berlin Lichtenberger op 18th"]
[Site "Berlin"]
[Date "2019.08.22"]
[Round "6"]
[White "Reck, Jessica"]
[Black "Grassi, Fabrizio"]
[Result "1/2-1/2"]
[WhiteElo "1649"]
[BlackElo "1861"]
[PlyCount "47"]
[EventDate "2019.08.17"]
[EventType "swiss"]
[EventRounds "9"]
[EventCountry "GER"]
[SourceTitle "EXT 2020"]
[Source "ChessBase"]
[SourceDate "2019.10.17"]
[SourceVersion "1"]
[SourceVersionDate "2019.10.17"]
[SourceQuality "1"]

1. e4 d5 2. exd5 Nf6 3. d4 Nxd5 4. Bc4 Nc6 5. c3 Bf5 6. Nf3 e6 7. 0-0 Be7 8. Nbd2 0-0 9. Re1 Nf6 10. h3 h6 11. Bb3 a5 12. Nc4 b5 13. Nce5 Nxe5 14. Nxe5 Ra6 15. Qf3 a4 16. Bd1 Nd5 17. Be2 Rb6 18. a3 c5 19. Be3 c4 20. Bf1 Bd6 21. Rad1 Qc7 22. g3 Rbb8 23. Bg2 Nf6 24. Bc1 1/2-1/2

[Event "Berlin Lichtenberger op 18th"]
[Site "Berlin"]
[Date "2019.08.17"]
[Round "1"]
[White "Grassi, Fabrizio"]
[Black "Eichstaedt, Torsten"]
[Result "1-0"]
[WhiteElo "1861"]
[BlackElo "1401"]
[PlyCount "51"]
[EventDate "2019.08.17"]
[EventType "swiss"]
[EventRounds "9"]
[EventCountry "GER"]
[SourceTitle "EXT 2020"]
[Source "ChessBase"]
[SourceDate "2019.10.17"]
[SourceVersion "1"]
[SourceVersionDate "2019.10.17"]
[SourceQuality "1"]

1. d4 d5 2. Bf4 Nf6 3. e3 c6 4. Nf3 Bf5 5. c4 e6 6. Nc3 Bb4 7. Qb3 Bxc3+ 8. bxc3 dxc4 9. Qxb7 Nbd7 10. Bxc4 0-0 11. 0-0 Nb6 12. Ba6 Qd5 13. Ne5 c5 14. c4 Qxb7 15. Bxb7 Rab8 16. Ba6 Nbd7 17. Nxd7 Nxd7 18. Bxb8 Rxb8 19. Bb5 e5 20. Bxd7 Bxd7 21. Rab1 Rc8 22. dxe5 Be6 23. Rfc1 g5 24. Rb7 a6 25. Rb6 Rd8 26. h3 1-0

[Event "Berlin Werner Ott op"]
[Site "Berlin"]
[Date "2019.06.28"]
[Round "7"]
[White "Dimitriadis, Pavlos"]
[Black "Grassi, Fabrizio"]
[Result "1-0"]
[WhiteElo "1963"]
[BlackElo "1908"]
[PlyCount "35"]
[EventDate "2019.06.22"]
[EventType "swiss"]
[EventRounds "9"]
[EventCountry "GER"]
[SourceTitle "EXT 2022"]
[Source "ChessBase"]
[SourceDate "2021.10.06"]
[SourceVersion "1"]
[SourceVersionDate "2021.10.06"]
[SourceQuality "1"]

1. e4 d5 2. exd5 Nf6 3. Bb5+ Bd7 4. Be2 Bf5 5. Nf3 Nxd5 6. d4 e6 7. 0-0 Nc6 8. a3 Be7 9. c4 Nb6 10. Nc3 Bf6 11. Be3 0-0 12. Rc1 Qd7 13. Qb3 Nxd4 14. Nxd4 Bxd4 15. c5 Bxe3 16. fxe3 Nd5 17. Rcd1 Qe7 18. Nxd5 1-0

[Event "Berlin Werner Ott op"]
[Site "Berlin"]
[Date "2019.06.25"]
[Round "4"]
[White "Boettcher, Patrick"]
[Black "Grassi, Fabrizio"]
[Result "1-0"]
[WhiteElo "2107"]
[BlackElo "1908"]
[PlyCount "73"]
[EventDate "2019.06.22"]
[EventType "swiss"]
[EventRounds "9"]
[EventCountry "GER"]
[SourceTitle "EXT 2022"]
[Source "ChessBase"]
[SourceDate "2021.10.06"]
[SourceVersion "1"]
[SourceVersionDate "2021.10.06"]
[SourceQuality "1"]

1. e4 d5 2. exd5 Nf6 3. d4 Nxd5 4. Nf3 Bg4 5. h3 Bh5 6. c4 Nb6 7. Nc3 e6 8. g4 Bg6 9. Ne5 c5 10. Nxg6 hxg6 11. d5 exd5 12. cxd5 Bd6 13. Qe2+ Kf8 14. Bg2 a6 15. Be3 N8d7 16. 0-0 Qc7 17. f4 Re8 18. Rae1 Nf6 19. Qf3 Nc4 20. Bc1 Rxe1 21. Rxe1 b5 22. a4 Qd7 23. axb5 axb5 24. g5 Ne8 25. Qe2 Rh4 26. Qf2 Rh8 27. Ne4 Qc7 28. b3 Na5 29. Qe3 Rh4 30. Nxd6 Nxd6 31. Bb2 Nab7 32. Qe5 Rh7 33. Ra1 Qd7 34. Ra8+ Ne8 35. Qb8 Nbd6 36. Be5 Ke7 37. Ra7 1-0

[Event "Berlin Lichtenrade op 14th"]
[Site "Berlin"]
[Date "2018.10.28"]
[Round "2"]
[White "Grassi, Fabrizio"]
[Black "Nowka, Oliver"]
[Result "1-0"]
[WhiteElo "1896"]
[BlackElo "2095"]
[PlyCount "86"]
[EventDate "2018.10.27"]
[EventType "swiss"]
[EventRounds "9"]
[EventCountry "GER"]
[SourceTitle "CBM 187 Extra"]
[Source "ChessBase"]
[SourceDate "2018.11.04"]
[SourceVersion "1"]
[SourceVersionDate "2018.11.04"]
[SourceQuality "1"]

1. d4 d5 2. Bf4 Bf5 3. c4 Nc6 4. Nc3 e6 5. a3 Nf6 6. e3 Be7 7. cxd5 Nxd5 8. Nxd5 Qxd5 9. Nf3 Bd6 10. Bxd6 Qxd6 11. Bd3 Bxd3 12. Qxd3 0-0 13. Ng5 f5 14. Qc4 Rae8 15. f4 Qd5 16. Qe2 h6 17. Nf3 Kh7 18. Rc1 g5 19. fxg5 e5 20. dxe5 Qa5+ 21. Qd2 Qxd2+ 22. Kxd2 Kg6 23. h4 f4 24. h5+ Kf5 25. exf4 Kxf4 26. Rh4+ Kg3 27. Rcc4 Kxg2 28. Ne1+ Kf1 29. Rh1+ Kf2 30. Rh2+ Kf1 31. Rh1+ Kf2 32. Rg4 Rd8+ 33. Nd3+ Kf3 34. Rgg1 Nxe5 35. Rh3+ Ke4 36. Re3+ Kd4 37. Rxe5 Rf2+ 38. Re2 Rxe2+ 39. Kxe2 hxg5 40. Rg4+ Kd5 41. Rxg5+ Kc4 42. Rc5+ Kb3 43. Rxc7 b6 1-0

[Event "Berlin Lichtenberger op 17th"]
[Site "Berlin"]
[Date "2018.08.21"]
[Round "4"]
[White "Grassi, Fabrizio"]
[Black "Hamann, Carsten"]
[Result "0-1"]
[WhiteElo "1896"]
[BlackElo "2141"]
[PlyCount "112"]
[EventDate "2018.08.18"]
[EventType "swiss"]
[EventRounds "9"]
[EventCountry "GER"]
[SourceTitle "CBM 186 Extra"]
[Source "ChessBase"]
[SourceDate "2018.08.24"]
[SourceVersion "1"]
[SourceVersionDate "2018.08.24"]
[SourceQuality "1"]

1. d4 Nf6 2. Bf4 g6 3. Nf3 Bg7 4. e3 c5 5. c3 Qb6 6. Qb3 Qxb3 7. axb3 cxd4 8. Nxd4 Nc6 9. Nb5 Nd5 10. Bg3 0-0 11. Bc4 Nf6 12. Nc7 Rb8 13. Nd5 e5 14. Nxf6+ Bxf6 15. e4 b5 16. Bd5 a6 17. Nd2 Ne7 18. Nf3 Nxd5 19. exd5 d6 20. 0-0 Bb7 21. Rfd1 Bd8 22. b4 h6 23. Nd2 f5 24. f3 Bxd5 25. Rxa6 Rb6 26. Ra7 Rb7 27. Rxb7 Bxb7 28. Nb3 Be7 29. Bf2 Ra8 30. Ra1 Rxa1+ 31. Nxa1 Bd5 32. Nc2 Bc6 33. h4 Kf7 34. Be3 f4 35. Bf2 Ke6 36. Kf1 Bd8 37. Na3 d5 38. Nc2 h5 39. Ke2 Bd7 40. Kd3 Kd6 41. g3 g5 42. gxf4 gxf4 43. Kd2 Bf5 44. Ne1 Bh3 45. Nd3 Bf6 46. Ke2 Kc6 47. Nc5 Bf5 48. Nd3 Kd6 49. Bc5+ Ke6 50. Bf2 Bxd3+ 51. Kxd3 Kf5 52. Be1 e4+ 53. Ke2 d4 54. fxe4+ Kxe4 55. cxd4 Bxd4 56. Bc3 f3+ 0-1

[Event "Berlin Werner Ott op"]
[Site "Berlin"]
[Date "2018.07.05"]
[Round "6"]
[White "Heerde, Thomas"]
[Black "Grassi, Fabrizio"]
[Result "0-1"]
[WhiteElo "2010"]
[BlackElo "1872"]
[PlyCount "122"]
[EventDate "2018.06.30"]
[EventType "swiss"]
[EventRounds "9"]
[EventCountry "GER"]
[SourceTitle "CBM 185 Extra"]
[Source "ChessBase"]
[SourceDate "2018.07.29"]
[SourceVersion "1"]
[SourceVersionDate "2018.07.29"]
[SourceQuality "1"]

1. e4 d5 2. exd5 Nf6 3. Bb5+ Bd7 4. Bc4 Bg4 5. f3 Bc8 6. Nc3 Nbd7 7. Nge2 Nb6 8. b3 Nfxd5 9. Nxd5 Nxd5 10. Bb2 Nb6 11. 0-0 Nxc4 12. bxc4 e6 13. Kh1 b6 14. f4 Bb7 15. Ng3 Qd7 16. d3 h5 17. Nxh5 Qc6 18. Rg1 0-0-0 19. Qg4 Bc5 20. Bxg7 Rdg8 21. Nf6 Bd4 22. Bxh8 Rxg4 23. Nxg4 Bxh8 24. Ne5 Qa4 25. Rac1 f6 26. Ng6 Bg7 27. Rge1 Kd7 28. Re2 Bc8 29. c3 c5 30. h4 Ke8 31. h5 Kf7 32. g4 Qc6+ 33. Rg2 Bb7 34. Rcc2 Qd6 35. Rcd2 Bxg2+ 36. Kxg2 Qc6+ 37. Kg3 Qh1 38. Rf2 Qg1+ 39. Kf3 Qh1+ 40. Kg3 Qe1 41. g5 Qe3+ 42. Kg2 fxg5 43. fxg5+ Kg8 44. Ne7+ Kh7 45. g6+ Kh6 46. Rf7 Qe2+ 47. Kg1 Qxh5 48. Kf2 Qh2+ 49. Kf3 Qh3+ 50. Ke4 Qh4+ 51. Kf3 Qh5+ 52. Kf2 Qh2+ 53. Kf3 Qd2 54. Kg4 Qxd3 55. Rf3 Qxc4+ 56. Rf4 Qxc3 57. Rf3 Qd4+ 58. Kh3 c4 59. Kg2 Qg4+ 60. Rg3 Qxg3+ 61. Kxg3 c3 0-1

[Event "Berlin Werner Ott op"]
[Site "Berlin"]
[Date "2018.07.03"]
[Round "4"]
[White "Kirchhof, Arno"]
[Black "Grassi, Fabrizio"]
[Result "1-0"]
[WhiteElo "2041"]
[BlackElo "1872"]
[PlyCount "82"]
[EventDate "2018.06.30"]
[EventType "swiss"]
[EventRounds "9"]
[EventCountry "GER"]
[SourceTitle "CBM 185 Extra"]
[Source "ChessBase"]
[SourceDate "2018.07.29"]
[SourceVersion "1"]
[SourceVersionDate "2018.07.29"]
[SourceQuality "1"]

1. d4 d5 2. c4 e6 3. Nf3 Nf6 4. Nc3 Nbd7 5. cxd5 exd5 6. Bf4 c6 7. e3 Be7 8. h3 Nf8 9. Bd3 Ng6 10. Bh2 Bd6 11. Bxd6 Qxd6 12. Qc2 Ne7 13. 0-0 g6 14. Rab1 Bf5 15. b4 Bxd3 16. Qxd3 a6 17. a4 0-0 18. b5 axb5 19. axb5 Ra3 20. Qd2 Rfa8 21. bxc6 Qxc6 22. Rfc1 Qa6 23. Ne5 Kg7 24. Qb2 Qa5 25. Qxb7 Ra7 26. Qb6 Qxb6 27. Rxb6 Rc7 28. Rxf6 Kxf6 29. Ne4+ dxe4 30. Rxc7 Ra1+ 31. Kh2 Ra2 32. f3 exf3 33. Nxf3 Nd5 34. Rc6+ Ke7 35. Rc5 Kd6 36. e4 Ne3 37. Kg3 Nxg2 38. Ng5 f6 39. Nxh7 Ke7 40. Rc6 g5 41. Nxg5 fxg5 1-0

[Event "Berlin Lichtenrade op 13th"]
[Site "Berlin"]
[Date "2017.11.03"]
[Round "7"]
[White "Cusnariov, Nikolai"]
[Black "Grassi, Fabrizio"]
[Result "1-0"]
[WhiteElo "2099"]
[BlackElo "1842"]
[PlyCount "65"]
[EventDate "2017.10.28"]
[EventType "swiss"]
[EventRounds "9"]
[EventCountry "GER"]
[SourceTitle "CBM 181 Extra"]
[Source "ChessBase"]
[SourceDate "2017.12.12"]
[SourceVersion "1"]
[SourceVersionDate "2017.12.12"]
[SourceQuality "1"]

1. d4 d5 2. Nf3 Nf6 3. g3 Bf5 4. Bg2 e6 5. 0-0 Be7 6. c4 c6 7. Nc3 h6 8. Qb3 Qb6 9. c5 Qxb3 10. axb3 0-0 11. b4 a6 12. Bf4 Ne4 13. Ne5 Nxc3 14. bxc3 Rd8 15. Rfd1 Nd7 16. Nxd7 Rxd7 17. f3 g5 18. Bc1 Rad8 19. Ra2 Bf6 20. e4 dxe4 21. fxe4 Bg6 22. g4 e5 23. Rf1 Bg7 24. d5 cxd5 25. exd5 Bd3 26. d6 e4 27. Ra3 b6 28. Re1 bxc5 29. bxc5 Rc8 30. Be3 Be5 31. Bd4 Bf4 32. Bxe4 Bd2 33. Bxd3 1-0

[Event "Berlin Lichtenrade op 13th"]
[Site "Berlin"]
[Date "2017.10.28"]
[Round "1"]
[White "Kryakvin, Dmitry"]
[Black "Grassi, Fabrizio"]
[Result "1-0"]
[WhiteElo "2583"]
[BlackElo "1842"]
[PlyCount "63"]
[EventDate "2017.10.28"]
[EventType "swiss"]
[EventRounds "9"]
[EventCountry "GER"]
[SourceTitle "CBM 181 Extra"]
[Source "ChessBase"]
[SourceDate "2017.12.12"]
[SourceVersion "1"]
[SourceVersionDate "2017.12.12"]
[SourceQuality "1"]

1. d4 d5 2. c4 e6 3. Nf3 Nf6 4. Bg5 c6 5. e3 Qa5+ 6. Nbd2 Ne4 7. Bf4 Bd6 8. Bxd6 Nxd6 9. c5 Ne4 10. Bd3 f5 11. 0-0 Nxd2 12. Nxd2 0-0 13. f4 Nd7 14. a3 Nf6 15. b4 Qc7 16. a4 a6 17. Nf3 Bd7 18. Qb3 Ne4 19. Bxe4 fxe4 20. Ne5 Be8 21. Rf2 Qe7 22. Raf1 Rc8 23. Qd1 Qh4 24. Qe2 Rc7 25. g4 Re7 26. Rg2 Rf6 27. Rg3 Rc7 28. Qg2 Rh6 29. g5 Rh5 30. f5 exf5 31. Rf4 Qxf4 32. exf4 1-0

[Event "Berlin Lichtenberger op 16th"]
[Site "Berlin"]
[Date "2017.08.22"]
[Round "4"]
[White "Grassi, Fabrizio"]
[Black "Segerberg, Tomas Olof"]
[Result "0-1"]
[WhiteElo "1868"]
[BlackElo "2077"]
[PlyCount "54"]
[EventDate "2017.08.19"]
[EventType "swiss"]
[EventRounds "9"]
[EventCountry "GER"]
[SourceTitle "CBM 180 Extra"]
[Source "ChessBase"]
[SourceDate "2017.10.06"]
[SourceVersion "1"]
[SourceVersionDate "2017.10.06"]
[SourceQuality "1"]

1. d4 f5 2. Bf4 Nf6 3. e3 g6 4. h4 h6 5. Nf3 d6 6. Bc4 Bg7 7. Nc3 e6 8. Qe2 Nc6 9. 0-0-0 Qe7 10. d5 Na5 11. Bb5+ Kf7 12. b4 e5 13. Bg3 a6 14. Bd3 e4 15. Nd4 exd3 16. Qxd3 c5 17. dxc6 Nxc6 18. Nxc6 bxc6 19. Bxd6 Qe6 20. Rhe1 Ne4 21. Nxe4 Qxe4 22. Qxe4 fxe4 23. Bc5 Be6 24. Rd6 Rhc8 25. Red1 a5 26. Bd4 axb4 27. Bxg7 Kxg7 0-1

[Event "Berlin Lichtenberger op 16th"]
[Site "Berlin"]
[Date "2017.08.20"]
[Round "2"]
[White "Grassi, Fabrizio"]
[Black "Kornrumpf, Joachim"]
[Result "0-1"]
[WhiteElo "1868"]
[BlackElo "2074"]
[PlyCount "102"]
[EventDate "2017.08.19"]
[EventType "swiss"]
[EventRounds "9"]
[EventCountry "GER"]
[SourceTitle "CBM 180 Extra"]
[Source "ChessBase"]
[SourceDate "2017.10.06"]
[SourceVersion "1"]
[SourceVersionDate "2017.10.06"]
[SourceQuality "1"]

1. d4 Nf6 2. Bf4 e6 3. e3 c5 4. c3 Be7 5. Nd2 0-0 6. Bd3 d6 7. Ngf3 Nc6 8. Qe2 cxd4 9. exd4 Re8 10. 0-0 Bd7 11. Nc4 Qc7 12. a4 Rad8 13. Rfe1 Bc8 14. Qc2 h6 15. h3 b6 16. Na3 Bb7 17. Nb5 Qb8 18. Rad1 a6 19. Na3 Rc8 20. Qe2 Qa7 21. Nc4 Rcd8 22. Bb1 b5 23. axb5 axb5 24. Na3 b4 25. Nb5 Qb6 26. c4 Ba6 27. Be3 d5 28. b3 Na5 29. Bc2 dxc4 30. bxc4 Nxc4 31. Qxc4 Bxb5 32. Qb3 Nd5 33. Ne5 Rc8 34. Ra1 Bf6 35. Be4 Rc3 36. Qb2 Nxe3 37. fxe3 Bxe5 38. dxe5 Rxe3 39. Kh2 Rxe1 40. Rxe1 Qc5 41. Rc1 Qe3 42. Bf3 Rd8 43. Ra1 Rd2 44. Ra8+ Kh7 45. Be4+ g6 46. Qb1 Qf4+ 47. Kh1 Qxe5 48. Ra7 Rd7 49. Rxd7 Bxd7 50. Qxb4 Kg7 51. Bf3 Bb5 0-1

[Event "Berlin Lichtenberger op 15th"]
[Site "Berlin"]
[Date "2016.08.13"]
[Round "1"]
[White "Grassi, Fabrizio"]
[Black "Frohberg, Marco"]
[Result "0-1"]
[WhiteElo "1839"]
[BlackElo "2197"]
[PlyCount "124"]
[EventDate "2016.08.13"]
[EventType "swiss"]
[EventRounds "9"]
[EventCountry "GER"]
[SourceTitle "CBM 173 Extra"]
[Source "ChessBase"]
[SourceDate "2016.08.29"]
[SourceVersion "1"]
[SourceVersionDate "2016.08.29"]
[SourceQuality "1"]

1. d4 d5 2. Bf4 Nf6 3. e3 c5 4. c3 Qb6 5. Qb3 Nc6 6. Nd2 Bf5 7. dxc5 Qxb3 8. axb3 e5 9. Bg3 Bxc5 10. b4 Bd6 11. b5 Ne7 12. Ngf3 Nd7 13. Be2 f6 14. Nb3 Nb6 15. Na5 0-0-0 16. 0-0 Kb8 17. Rac1 h5 18. c4 dxc4 19. Nxc4 Nxc4 20. Bxc4 g5 21. h4 g4 22. Nd2 Bc7 23. Nb3 Bb6 24. Rcd1 Bc2 25. Rxd8+ Rxd8 26. Bf7 Nf5 27. Kh2 Nd6 28. Rc1 Nxf7 29. Rxc2 Rd5 30. Rd2 Rxd2 31. Nxd2 Nd6 32. Kg1 Ba5 33. Nb3 Bb4 34. b6 axb6 35. Nc1 Ne4 36. Nd3 Bd6 37. Kf1 Nxg3+ 38. fxg3 e4 39. Nf4 Bxf4 40. gxf4 g3 41. Ke2 Kc7 42. Kd2 Kd6 43. Kc3 Kc5 44. b3 Kb5 45. Kd4 Kb4 46. Kxe4 Kxb3 47. Kd3 b5 48. e4 b4 49. e5 fxe5 50. fxe5 Ka2 51. e6 b3 52. e7 b2 53. e8Q b1Q+ 54. Kd2 Qb2+ 55. Kd3 b5 56. Qxh5 Qxg2 57. Qf7+ Kb2 58. Qf6+ Kb1 59. Qg5 Qf1+ 60. Ke3 Qf2+ 61. Kd3 b4 62. Qd5 Qc2+ 0-1

[Event "Berlin Kreuzberg op"]
[Site "Berlin"]
[Date "2016.07.16"]
[Round "1"]
[White "Kalinitschew, Sergey"]
[Black "Grassi, Fabrizio"]
[Result "1-0"]
[WhiteElo "2394"]
[BlackElo "1861"]
[PlyCount "97"]
[EventDate "2016.07.16"]
[EventType "swiss"]
[EventRounds "9"]
[EventCountry "GER"]
[SourceTitle "CBM 173 Extra"]
[Source "ChessBase"]
[SourceDate "2016.08.29"]
[SourceVersion "1"]
[SourceVersionDate "2016.08.29"]
[SourceQuality "1"]

1. Nf3 Nf6 2. c4 e6 3. Nc3 d5 4. d4 Nbd7 5. cxd5 exd5 6. Bg5 c6 7. e3 Be7 8. Qc2 Nh5 9. Bxe7 Qxe7 10. 0-0-0 Nb6 11. Ne5 Nf6 12. Bd3 Be6 13. f4 Ng4 14. Rhe1 Nxe5 15. dxe5 0-0-0 16. Kb1 Kb8 17. e4 d4 18. Na4 Nxa4 19. Qxa4 c5 20. Rc1 Rc8 21. Re2 Rc7 22. Rec2 Rhc8 23. Qa3 Ka8 24. Bb5 g6 25. g3 Kb8 26. h4 h5 27. Bd3 Ka8 28. b3 Kb8 29. Qa5 Ka8 30. Qd2 Qd7 31. Qf2 Qe7 32. f5 gxf5 33. exf5 Bd5 34. Qf4 a6 35. Ka1 Rc6 36. Be2 Rh8 37. e6 fxe6 38. f6 Qf7 39. Rxc5 Rf8 40. Rxc6 Bxc6 41. Rf1 Rd8 42. Qg5 Rh8 43. Qg7 Qf8 44. Qxf8+ Rxf8 45. Bxh5 e5 46. g4 e4 47. g5 d3 48. g6 Bd5 49. g7 1-0

[Event "Berlin Lichtenberger op 14th"]
[Site "Berlin"]
[Date "2015.08.20"]
[Round "6"]
[White "Grassi, Fabrizio"]
[Black "Allaart, Jesse"]
[Result "1/2-1/2"]
[WhiteElo "1870"]
[BlackElo "1546"]
[PlyCount "95"]
[EventDate "2015.08.15"]
[EventType "swiss"]
[EventRounds "9"]
[EventCountry "GER"]
[SourceTitle "EXT 2016"]
[Source "ChessBase"]
[SourceDate "2015.10.08"]
[SourceVersion "1"]
[SourceVersionDate "2015.10.08"]
[SourceQuality "1"]

1. d4 d5 2. Bf4 Nf6 3. e3 Bf5 4. Nf3 e6 5. c4 c6 6. Nc3 Bb4 7. Rc1 Qa5 8. Qb3 0-0 9. Be2 Bxc3+ 10. bxc3 Qb6 11. 0-0 Qxb3 12. axb3 Nbd7 13. Nh4 Bg6 14. Nxg6 hxg6 15. h3 Ne4 16. Rfd1 g5 17. Bh2 f5 18. f3 Nef6 19. Ra1 a6 20. b4 Nb6 21. c5 Nbd7 22. Re1 g6 23. Bd3 Kg7 24. Bd6 Rf7 25. e4 Re8 26. Ra2 fxe4 27. fxe4 dxe4 28. Bxe4 Nxe4 29. Rxe4 Nf6 30. Be5 Kg8 31. Bxf6 Rxf6 32. Rae2 Kf7 33. Re5 Rf5 34. g4 Rf3 35. R2e3 Rxe3 36. Rxe3 a5 37. bxa5 Ra8 38. Rf3+ Ke7 39. Kf2 Rxa5 40. Ke2 Ra2+ 41. Kd3 Rb2 42. Ke4 Rc2 43. c4 Rb2 44. Re3 Rb1 45. Ke5 Rd1 46. Ke4 Rb1 47. Ke5 Rd1 48. Ke4 1/2-1/2

[Event "Berlin Lichtenberger op 14th"]
[Site "Berlin"]
[Date "2015.08.18"]
[Round "4"]
[White "Grassi, Fabrizio"]
[Black "Hoemke, Holger"]
[Result "1-0"]
[WhiteElo "1870"]
[BlackElo "1568"]
[PlyCount "95"]
[EventDate "2015.08.15"]
[EventType "swiss"]
[EventRounds "9"]
[EventCountry "GER"]
[SourceTitle "EXT 2016"]
[Source "ChessBase"]
[SourceDate "2015.10.08"]
[SourceVersion "1"]
[SourceVersionDate "2015.10.08"]
[SourceQuality "1"]

1. d4 Nf6 2. Bf4 e6 3. e3 Be7 4. Bd3 b6 5. h3 Bb7 6. Nf3 0-0 7. 0-0 d6 8. c3 Nbd7 9. Nbd2 c5 10. Qe2 cxd4 11. exd4 Nd5 12. Bh2 Rc8 13. a4 N7f6 14. a5 Nh5 15. Qe4 Nhf6 16. Qe1 bxa5 17. Nb3 Qb6 18. Nxa5 Ra8 19. Nxb7 Qxb7 20. Qe2 Rfb8 21. Rfb1 a5 22. Nd2 Qc7 23. Nc4 h5 24. Bg3 g5 25. Nd2 a4 26. Nc4 Nb6 27. Na3 Nbd5 28. Qd2 Nh7 29. Qc2 f5 30. Re1 Kf7 31. Re2 Qb6 32. Rae1 Nf8 33. Bc4 Nc7 34. d5 Kf6 35. dxe6 f4 36. Bh2 d5 37. Bd3 Ncxe6 38. Bf5 h4 39. Bxe6 Nxe6 40. Rxe6+ Qxe6 41. Rxe6+ Kxe6 42. g3 Bd6 43. gxf4 gxf4 44. Qe2+ Kf6 45. Nb5 Re8 46. Qd2 Be5 47. Bxf4 Rg8+ 48. Kf1 1-0

[Event "Berlin Lichtenberger op 14th"]
[Site "Berlin"]
[Date "2015.08.16"]
[Round "2"]
[White "Grassi, Fabrizio"]
[Black "Koerber, Bernhard"]
[Result "1-0"]
[WhiteElo "1870"]
[BlackElo "1603"]
[PlyCount "97"]
[EventDate "2015.08.15"]
[EventType "swiss"]
[EventRounds "9"]
[EventCountry "GER"]
[SourceTitle "EXT 2016"]
[Source "ChessBase"]
[SourceDate "2015.10.08"]
[SourceVersion "1"]
[SourceVersionDate "2015.10.08"]
[SourceQuality "1"]

1. d4 Nf6 2. Bf4 g6 3. e3 Bg7 4. Nf3 0-0 5. Be2 d5 6. 0-0 Bf5 7. c4 c6 8. Nc3 Nbd7 9. h3 Ne4 10. cxd5 Nxc3 11. bxc3 cxd5 12. c4 dxc4 13. Bxc4 Nb6 14. Bb3 Rc8 15. Rc1 Rxc1 16. Qxc1 Qc8 17. Qxc8 Rxc8 18. Ng5 e6 19. e4 h6 20. Nxf7 Kxf7 21. exf5 gxf5 22. Re1 Re8 23. Be5 Bxe5 24. Rxe5 Kf6 25. f4 Re7 26. Kf2 h5 27. g3 a6 28. a4 Nd7 29. Re3 Nf8 30. Ke2 Rd7 31. Kd3 b6 32. Bc4 a5 33. Re5 Rd6 34. d5 Nd7 35. Rxe6+ Rxe6 36. dxe6 Nc5+ 37. Kd4 Nxe6+ 38. Kd5 Nc5 39. Bb5 Ne4 40. Kc6 Nxg3 41. Kxb6 Ke6 42. Kxa5 h4 43. Kb6 Nh5 44. a5 Nxf4 45. Bc6 Kd6 46. a6 Ne6 47. a7 Nc7 48. Bf3 f4 49. Bc6 1-0

[Event "Berlin Lichtenberger op 13th"]
[Site "Berlin"]
[Date "2014.08.19"]
[Round "4"]
[White "Kapr, Klaus"]
[Black "Grassi, Fabrizio"]
[Result "1-0"]
[WhiteElo "2069"]
[BlackElo "1893"]
[PlyCount "53"]
[EventDate "2014.08.16"]
[EventType "swiss"]
[EventRounds "9"]
[EventCountry "GER"]
[SourceTitle "CBM 161 Extra"]
[Source "ChessBase"]
[SourceDate "2014.08.29"]
[SourceVersion "1"]
[SourceVersionDate "2014.08.29"]
[SourceQuality "1"]

1. e4 d5 2. exd5 Nf6 3. c4 e6 4. dxe6 Bxe6 5. Be2 Nc6 6. Nf3 Bc5 7. d3 Qd7 8. 0-0 0-0-0 9. Be3 Nd4 10. Nxd4 Bxd4 11. Nc3 Bg4 12. Bxd4 Qxd4 13. Bxg4+ Nxg4 14. Qa4 a6 15. h3 Ne5 16. Rad1 Rd6 17. Rfe1 f5 18. Nb5 axb5 19. Qa8+ Kd7 20. Qxh8 Rg6 21. Re3 f4 22. Re4 Qxb2 23. Qxh7 f3 24. g4 Rg5 25. Qg8 c6 26. d4 Nd3 27. Qf7+ 1-0

[Event "Berlin Lichtenberger op 12th"]
[Site "Berlin"]
[Date "2013.08.24"]
[Round "8"]
[White "Matitschka, Heinz"]
[Black "Grassi, Fabrizio"]
[Result "1-0"]
[WhiteElo "1774"]
[BlackElo "1957"]
[PlyCount "69"]
[EventDate "2013.08.17"]
[EventType "swiss"]
[EventRounds "9"]
[EventCountry "GER"]
[SourceTitle "CBM 156 Extra"]
[Source "ChessBase"]
[SourceDate "2013.10.22"]
[SourceVersion "1"]
[SourceVersionDate "2013.10.22"]
[SourceQuality "1"]

1. d4 d5 2. c4 e6 3. Nc3 Nf6 4. cxd5 exd5 5. Bg5 Nbd7 6. e3 c6 7. Bd3 Be7 8. Nf3 Nf8 9. Qc2 g6 10. h3 Ne6 11. Bh6 Ng8 12. Bf4 Nxf4 13. exf4 Nh6 14. 0-0-0 Bf5 15. Rhe1 Qd6 16. Ne5 f6 17. Bxf5 Nxf5 18. g4 Nxd4 19. Rxd4 fxe5 20. fxe5 Qe6 21. f4 0-0 22. Rf1 Rf7 23. Qh2 Raf8 24. Rd3 b5 25. Kb1 b4 26. Ne2 c5 27. Qg3 a5 28. Rfd1 d4 29. f5 Qc6 30. f6 Bxf6 31. exf6 Rxf6 32. Nc1 a4 33. Re1 R8f7 34. Qe5 Kf8 35. g5 1-0